Statistics for Billie Eilish: Billie Bossa Nova

Click here to take the quiz!

General Stats

  • This quiz has been taken 443 times
  • The average score is 184 of 227

Answer Stats

Answer% Correct
a
99%
i
99%
I
99%
you
99%
You
99%
when
98%
the
97%
your
97%
me
96%
so
96%
make
95%
to
95%
be
94%
I'm
94%
im
94%
i'm
94%
It
94%
it
94%
look
93%
not
93%
Some
93%
with
93%
for
92%
at
90%
but
90%
in
90%
Makes
90%
makes
90%
way
90%
an
89%
Love
89%
tonight
89%
something
88%
comes
87%
get
87%
sentimental
87%
There's
87%
waiting
87%
warning
87%
We
87%
A lot
86%
and
86%
better
86%
lock
86%
phone
86%
take
86%
without
86%
boring
84%
wanna
84%
movie
83%
alone
82%
bout
82%
can
82%
Cause
82%
dark
82%
on
82%
picture
82%
gets
80%
happen
80%
seconds
80%
twenty
80%
lose
79%
change
77%
have
77%
sharing
77%
hide
76%
who
76%
It's
75%
that
75%
That
75%
know
73%
Information's
70%
starts
69%
more
68%
hotel
67%
We'd
66%
bearings
65%
different
64%
names
64%
stop
64%
sorry
63%
door
62%
if
62%
once
62%
Use
62%
Won't
62%
check- ins
61%
hard
61%
goin'
60%
torture
58%
We're
57%
though
56%
lobby
55%
Nobody
54%
little
53%
saw
53%
arms
52%
like
52%
obsession
51%
one
50%
does
48%
impression
48%
jealous
48%
of
48%
only
48%
strong
47%
might
46%
really
46%
both
44%
how
44%
yours
44%
em
42%
floor
36%
breathin'
34%
worth
34%
heavy
32%

Score Distribution

Percentile by Number Answered

Percent of People with Each Score

Your Score History

You have not taken this quiz